Összes költeményei. (Record no. 15392)
[ view plain ]
| 000 -LEADER | |
|---|---|
| fixed length control field | 00717cam a22002291 4500 |
| 001 - CONTROL NUMBER | |
| control field | ca 18000781 |
| 003 - CONTROL NUMBER IDENTIFIER | |
| control field | DLC |
| 005 - DATE AND TIME OF LATEST TRANSACTION | |
| control field | 20260227111107.0 |
| 008 - FIXED-LENGTH DATA ELEMENTS--GENERAL INFORMATION | |
| fixed length control field | 870928s1902 hu c 000 0 hun |
| 010 ## - LIBRARY OF CONGRESS CONTROL NUMBER | |
| LC control number | ca 18000781 |
| 035 ## - SYSTEM CONTROL NUMBER | |
| System control number | (OCoLC)16768618 |
| 040 ## - CATALOGING SOURCE | |
| Original cataloging agency | DLC |
| Transcribing agency | WaU |
| Modifying agency | OCoLC |
| -- | DLC |
| 042 ## - AUTHENTICATION CODE | |
| Authentication code | premarc |
| 050 00 - LIBRARY OF CONGRESS CALL NUMBER | |
| Classification number | PH3132 |
| Item number | .M3 vol. 53 |
| 100 1# - MAIN ENTRY--PERSONAL NAME | |
| Personal name | Reviczky, Gyula, |
| Dates associated with a name | 1855-1889. |
| 245 00 - TITLE STATEMENT | |
| Title | Összes költeményei. |
| Remainder of title | Sajtó alá rendezte és bevezetéssel ellátta Koroda Pál. |
| 260 ## - PUBLICATION, DISTRIBUTION, ETC. | |
| Place of publication, distribution, etc. | Budapest, |
| Name of publisher, distributor, etc. | Franklin-Társulat, |
| Date of publication, distribution, etc. | 1902. |
| 300 ## - PHYSICAL DESCRIPTION | |
| Extent | 416 p. |
| Other physical details | front. (port.) |
| Dimensions | 20 cm. |
| 440 #0 - SERIES STATEMENT/ADDED ENTRY--TITLE | |
| Title | Magyar remekírók ... |
| Volume/sequential designation | 53. köt. |
| 500 ## - GENERAL NOTE | |
| General note | Collected poetical works. |
| 600 10 - SUBJECT ADDED ENTRY--PERSONAL NAME | |
| Personal name | Koroda, Pál, |
| Dates associated with a name | 1858- |
| Relator term | ed. |
No items available.